000 00326nam a2200121Ia 4500
008 190216s9999||||xx |||||||||||||| ||und||
100 _aRichard M Felder & Ronald W Rousseau
245 0 _aElementary Priciples Of Chemical Process
260 _bJohn Wiley & Sons
_c2000
300 _a675p
650 _aChemistry
942 _cBK
999 _c2966
_d2966